000 00930nac a22002651i 4500
003 EG-ScBUE
005 20251207103058.0
008 250813s2007 ii a f 000 0 eng d
020 _a8183563236
020 _a9788183563239
040 _aEG-ScBUE
_beng
_erda
_cEG-ScBUE
_dEG-ScBUE
082 0 4 _a547.75077
_bSIN
_222
100 1 _aSingh, G.,
_eauthor.
245 1 0 _aChemistry of amino-acids proteins /
_cby Dr. G. Singh, reader, Dept. of Chemistry, C.C.S. University, Meerut (U.P.)
264 1 _aNew Delhi :
_bDiscovery Publishing House,
_c2007.
300 _a320 pages :
_billustrations ;
_c18 cm
336 _2rdacontent
_atext
_btxt
337 _aunmediated
_2rdamedia
_bn
338 _avolume
_bnc
_2rdacarrier
650 7 _aAmino acids
_xProgrammed instruction.
_2BUEsh
650 7 _aPeptides
_xProgrammed instruction.
_2BUEsh
650 7 _aProteins
_xProgrammed instruction.
_2BUEsh
655 _vReading book
942 _cBB
_2ddc
999 _c8420
_d8420